Seis estudios de psicología /
Guardado en:
| Autor Principal: | |
|---|---|
| Formato: | Libro |
| Publicado: |
Barcelona :
Labor,
1992
|
| Edición: | 2a. ed. |
| Series: | Colección Labor. Nueva Serie; No. 21
|
| Materias: | |
| Etiquetas: |
Agregar Etiqueta
Sin Etiquetas, Sea el primero en etiquetar este registro!
|
| LEADER | 00896nam a22002175a 4500 | ||
|---|---|---|---|
| 001 | CEM.cems009071 | ||
| 005 | 20090914093408.0 | ||
| 008 | 130507s1992##################000#0#####d | ||
| 003 | CEMS | ||
| 020 | |a 8433535021 | ||
| 082 | 0 | 4 | |a 136.7 |
| 100 | 1 | |a Piaget, Jean | |
| 245 | 1 | 0 | |a Seis estudios de psicología / |c Jean Piaget |
| 250 | |a 2a. ed. | ||
| 260 | |a Barcelona : |b Labor, |c 1992 | ||
| 300 | |a 199 p. | ||
| 490 | 0 | |a Colección Labor. Nueva Serie; No. 21 | |
| 505 | 0 | |a El desarrollo mental del niño -- El pensamiento del niño pequeño -- El lenguaje y el pensamiento desde el punto de vista genético -- El papel de la noción de equilibrio en la explicación en psicología -- Problemas de psicología genética -- Génesis y estructura en psicología de la inteligencia | |
| 653 | |a Psicología | ||
| 653 | |a Niño-psicología | ||
| 859 | |a CEMS |b BIB. CEMS - 11 de abril |h 136.7 |i P571-1a2 |p 13358.85 |t Ej.1 | ||
